| 000 | 00558nam a22001817a 4500 | ||
|---|---|---|---|
| 005 | 20241205083858.0 | ||
| 008 | 241205b |||||||| |||| 00| 0 eng d | ||
| 020 | _a9781485150879 | ||
| 041 | _aEnglish | ||
| 082 | _a340.1 MAL | ||
| 100 | _lEnglish | ||
| 245 |
_aIntroduction to Legislative Drafting / _cR Malherbe, A Meyer and H Muller |
||
| 250 | _aFirst Edition | ||
| 260 |
_aCape Town: _bJuta and Company (Pty) Ltd, _c2024 |
||
| 300 |
_bxv, 240 pages; _c26 cm. |
||
| 650 |
_aLegal practice _bLaw |
||
| 942 |
_cBK _6ALISON_BN_VRIES |
||
| 999 |
_c3273 _d3273 |
||